000 01480cam a22002054a 4500
005 20250605164100.0
008 250528s ||||||||||||||||||||||||d
035 _a17584
020 _a9780230293595
040 _aGR-AtMCL
_bgre
_dGR-AtMCL
_eAACR2
245 1 _aAttachment Across the Lifecourse / A Brief Introduction
250 _a1st
260 _bPalgrave Macmillan,
_c2011
300 _a262
520 _aThis book explains the key concepts in attachment theory and describes how the main attachment types play out both in childhood and later life. Preface, Acknowledgements, Attachment Theory and Models and Measures, Attachment Behavior, Emotions and Their Regulation, The Internal Working Model, Patterns of Attachment, Attachment in Adulthood, Attachment Patterns and Types and Styles, Secure Attachments in Childhood, Avoidant Attachments in Childhood, Avoidant and Dismissing Attachments in Childhood, Ambivalent Attachments in Childhood, Anxious and Preoccupied Attachments in Childhood, Disorganized and Controlling Attachments in Childhood, Fearful Avoidant Attachments and Unresolved States of Mind in Childhood, Issues and Debates, Temperament and Disability and Gender: The Interaction of Nature and Nurture, Attachment Across the Lifecourse: Continuity and Discontinuity and Stability and Change, Epilogue, Further Reading, Bibliography, Author and Subject Index.
700 1 _aHowell David C
_93237
942 _cBK
999 _c2988
_d2988